| 000 | 00488nam a2200181Ia 4500 | ||
|---|---|---|---|
| 008 | 090124s9999 xx 000 0 und d | ||
| 082 |
_b27600 _a3069 |
||
| 100 | _aजाधव रा. ग. | ||
| 245 | _a शास्त्रीजी | ||
| 250 | _a1 | ||
| 260 | _c1994 | ||
| 300 | _a156 | ||
| 600 | _aजाधव रा. ग. | ||
| 630 | _a शास्त्रीजी | ||
| 700 | _aजाधव रा. ग. | ||
| 730 | _a शास्त्रीजी | ||
| 942 | _cBOOK | ||
| 999 |
_c141065 _d141065 |
||